|
|
|
|
| LEADER |
03420nam a2200685 4500 |
| 001 |
ocn907642095 |
| 003 |
OCoLC |
| 005 |
20170124065834.4 |
| 006 |
m o d |
| 007 |
cr cnu|||unuuu |
| 008 |
150420s2015 enka ob 001 0 eng d |
| 040 |
|
|
|a DG1
|b eng
|e rda
|e pn
|c DG1
|d EBLCP
|d N$T
|d YDXCP
|d OCLCF
|d DEBBG
|d GrThAP
|
| 019 |
|
|
|a 908080295
|
| 020 |
|
|
|a 9781119007425
|q electronic bk.
|
| 020 |
|
|
|a 1119007429
|q electronic bk.
|
| 020 |
|
|
|a 9781119007432
|
| 020 |
|
|
|a 1119007437
|
| 024 |
7 |
|
|a 10.1002/9781119007425
|2 doi
|
| 029 |
1 |
|
|a CHVBK
|b 334089972
|
| 029 |
1 |
|
|a CHBIS
|b 010442507
|
| 029 |
1 |
|
|a NZ1
|b 16090927
|
| 029 |
1 |
|
|a GBVCP
|b 826431348
|
| 029 |
1 |
|
|a DEBBG
|b BV043615839
|
| 029 |
1 |
|
|a DEBBG
|b BV043397715
|
| 035 |
|
|
|a (OCoLC)907642095
|z (OCoLC)908080295
|
| 050 |
|
4 |
|a TK7871.15.Z56
|
| 072 |
|
7 |
|a TEC
|x 009000
|2 bisacsh
|
| 072 |
|
7 |
|a TEC
|x 035000
|2 bisacsh
|
| 072 |
|
7 |
|a TEC
|x 027000
|2 bisacsh
|
| 082 |
0 |
4 |
|a 620.1/842
|2 23
|
| 049 |
|
|
|a MAIN
|
| 100 |
1 |
|
|a Leprince-Wang, Yamin,
|e author.
|
| 245 |
1 |
0 |
|a Piezoelectric ZnO nanostructure for energy harvesting /
|c Yamin Leprince-Wang.
|
| 264 |
|
1 |
|a London, UK :
|b ISTE, Ltd. ;
|a Hoboken, NJ :
|b John Wiley & Sons,
|c 2015.
|
| 300 |
|
|
|a 1 online resource :
|b illustrations.
|
| 336 |
|
|
|a text
|b txt
|2 rdacontent
|
| 337 |
|
|
|a computer
|b c
|2 rdamedia
|
| 338 |
|
|
|a online resource
|b cr
|2 rdacarrier
|
| 490 |
1 |
|
|a Nanotechnologies for energy recovery set ;
|v volume 1
|
| 505 |
0 |
|
|a Properties of ZnO / Yamin Leprince-Wang -- ZnO Nanostructure Synthesis / Yamin Leprince-Wang -- Modeling and Simulation of ZnO-Nanowire-Based Energy Harvesting / Yamin Leprince-Wang -- ZnO-Nanowire-Based Nanogenerators: Principle, Characterization and Device Fabrication / Yamin Leprince-Wang.
|
| 504 |
|
|
|a Includes bibliographical references and index.
|
| 588 |
0 |
|
|a Online resource; title from PDF title page (John Wiley, viewed April 20, 2015).
|
| 520 |
|
|
|a Over the past decade, ZnO as an important II-VI semiconductor has attracted much attention within the scientific community over the world owing to its numerous unique and prosperous properties. This material, considered as a "future material", especially in nanostructural format, has aroused many interesting research works due to its large range of applications in electronics, photonics, acoustics, energy and sensing. The bio-compatibility, piezoelectricity & low cost fabrication make ZnO nanostructure a very promising material for energy harvesting.
|
| 650 |
|
0 |
|a Piezoelectric materials.
|
| 650 |
|
0 |
|a Energy harvesting.
|
| 650 |
|
0 |
|a Zinc oxide.
|
| 650 |
|
4 |
|a Engineering.
|
| 650 |
|
4 |
|a Nanostructure materials.
|
| 650 |
|
4 |
|a Nanotechnology.
|
| 650 |
|
7 |
|a TECHNOLOGY & ENGINEERING / Engineering (General)
|2 bisacsh
|
| 650 |
|
7 |
|a TECHNOLOGY & ENGINEERING / Reference
|2 bisacsh
|
| 650 |
|
7 |
|a TECHNOLOGY & ENGINEERING / Nanotechnology & MEMS
|2 bisacsh
|
| 650 |
|
7 |
|a Energy harvesting.
|2 fast
|0 (OCoLC)fst01750045
|
| 650 |
|
7 |
|a Piezoelectric materials.
|2 fast
|0 (OCoLC)fst01063928
|
| 650 |
|
7 |
|a Zinc oxide.
|2 fast
|0 (OCoLC)fst01184438
|
| 655 |
|
4 |
|a Electronic books.
|
| 776 |
0 |
8 |
|i Print version:
|a Leprince-Wang, Yamin
|t Piezoelectric ZnO Nanostructure for Energy Harvesting, Volume 1
|d Hoboken : Wiley,c2015
|z 9781848217188
|
| 830 |
|
0 |
|a Nanotechnologies for energy recovery set ;
|v volume 1.
|
| 856 |
4 |
0 |
|u https://doi.org/10.1002/9781119007425
|z Full Text via HEAL-Link
|
| 994 |
|
|
|a 92
|b DG1
|